| 000 | 00700nam a22001937a 4500 | ||
|---|---|---|---|
| 008 | 160917b xxu||||| |||| 00| 0 eng d | ||
| 020 | _a0130831204 | ||
| 082 |
_22000 _aDC 510 _bB28 |
||
| 100 |
_914804 _aBarnett, Raymond A. |
||
| 245 |
_aApplied mathematics for business, economics, life sciences, and social sciences/ _cRaymond A. Barnett, Michael R. Ziegler and Karl E. Byleen |
||
| 250 | _a7th edition | ||
| 260 |
_aNew Jersey: _bPrentice Hall, _cc2000. |
||
| 300 |
_axvii, 1091 pages: _billustrations; _c26 cm. |
||
| 500 | _aIncludes index. | ||
| 650 | 0 |
_914806 _aMathematics |
|
| 700 |
_914807 _aZiegler, Michael R. _eAuthor |
||
| 700 |
_914808 _aByleen, Karl E. _eAuthor |
||
| 942 |
_2ddc _cDC |
||
| 999 |
_c4635 _d4635 |
||